La salida voluntaria del socio profesional en las sociedades de capital

Detalles Bibliográficos
Autor principal: Lorenzo Camacho, Mara̕ Salom̌
Formato: eBook
Lenguaje:español
Publicado: Madrid: Dykinson, 2021
Materias:
Acceso en línea:Acceso restringido

MARC

LEADER 00000nam a22000007a 4500
005 20220630234110.0
007 cr|||| ||||
008 220630s2021 es |||||s|||| 00||0 spa d
020 |a 978-84-1377-945-4 
035 |a 36166 
040 |a vLex 
090 |c 13518  |d 13518 
100 1 |a Lorenzo Camacho, Mara̕ Salom̌ 
245 1 2 |a La salida voluntaria del socio profesional en las sociedades de capital  |h [Recurso electrn̤ico] /  |c Mara̕ Salom ̌Lorenzo Camacho 
256 |a Servicio en ln̕ea 
260 |a Madrid:  |b Dykinson,  |c 2021 
300 |a 1 recurso electrn̤ico 
506 1 |a Disponible solo en los productos indicados  |d vLex Global  |d vLex Global (Academic Edition, excluding Law Schools)  |d vLex Global (U.S. Academic Edition, Law Schools)  |d vLex Global (U.S. Academic Edition, excluding Law Schools)  |d vLex Global (Academic Edition, Law Schools) 
650 0 4 |a Derecho Mercantil y de la Empresa  |z Espaą 
740 0 |a vLex Libros (Servicio en ln̕ea) 
856 4 0 |u https://app.vlex.com/#/sources/36166  |z Acceso restringido 
942 |c BOOK 
999 0 |a Commercial and Company Law